Statistics for Administrative Divisions of Macau and Hong Kong

Click here to take the quiz!

General Stats

  • This quiz has been taken 20 times
  • The average score is 20 of 25

Answer Stats

Prefecture-level City 地級市Answer% Correct
New Territories 新界Islands 離島區
93%
New Territories 新界North 北區
93%
Hong Kong Island 香港島Southern 南區
93%
New Territories 新界Tuen Mun 屯門區
93%
New Territories 新界Yuen Long 元朗區
93%
Hong Kong Island 香港島Eastern 東區
87%
New Territories 新界Kwai Tsing 葵青區
87%
New Territories 新界Sai Kung 西貢區
87%
Hong Kong Island 香港島Wan Chai 灣仔區
87%
Kowloon 九龍Wong Tai Sin 黃大仙區
87%
Hong Kong Island 香港島Central And Western 中西區
80%
Kowloon 九龍Kowloon City 九龍城區
80%
Kowloon 九龍Kwun Tong 觀塘區
80%
Macau 澳門Sé 大堂區
80%
Kowloon 九龍Sham Shui Po 深水埗區
80%
New Territories 新界Tai Po 大埔區
80%
Kowloon 九龍Yau Tsim Mong 油尖旺區
80%
New Territories 新界Sha Tin 沙田區
73%
Macau 澳門Nossa Senhora De Fátima 花地瑪堂區
67%
New Territories 新界Tsuen Wan 荃灣區
67%
Macau 澳門Nossa Senhora Do Carmo 嘉模堂區
60%
Macau 澳門Santo António 花王堂區
60%
Macau 澳門São Lázaro 望德堂區
60%
Macau 澳門São Lourenço 風順堂區
60%
Macau 澳門São Francisco Xavier 聖方濟各堂區
53%

Score Distribution

Percentile by Number Answered

Percent of People with Each Score

Your Score History

You have not taken this quiz